(Record no. 1604)
[ view plain ]
| 000 -LEADER | |
|---|---|
| fixed length control field | 00368nam a2200109Ia 4500 |
| 008 - FIXED-LENGTH DATA ELEMENTS--GENERAL INFORMATION | |
| fixed length control field | 151015s9999 xx 000 0 und d |
| 050 ## - LIBRARY OF CONGRESS CALL NUMBER | |
| Classification number | LB 1588 .JKF 1986 |
| 250 ## - EDITION STATEMENT | |
| Edition statement | _Primary Education Syllabuses for Upper Primary Schools / KIE |
| 300 ## - PHYSICAL DESCRIPTION | |
| Extent | Nairobi : Jomo Kenyatta Foundation, 1986 |
| 650 ## - SUBJECT ADDED ENTRY--TOPICAL TERM | |
| Topical term or geographic name as entry element | _Primary Education Syllabus |
| 700 ## - ADDED ENTRY--PERSONAL NAME | |
| Personal name | ^d20110324 09:12:35^okilerai |
No items available.